[Event "54th Rubinstein Memorial-A 2018"]
[Site "Polanica-Zdroj"]
[Date "2018.08.25"]
[Round "8"]
[White "Stachowiak, Kamil"]
[Black "Luberanski, Jakub"]
[Result "1-0"]
[WhiteElo "2447"]
[BlackElo "1763"]
[Annotator "TA"]
[PlyCount "53"]
[EventDate "2018.08.18"]
[EventType "swiss"]
[EventCountry "POL"]
[SourceTitle "playchess.com"]
[Source "ChessBase"]
[SourceQuality "1"]

{[%evp 14,53,62,55,73,72,86,91,70,71,77,80,91,69,52,61,105,85,95,93,142,142,211,208,304,262,324,329,329,328,308,317,319,297,394,376,519,549,866,857,1006,997]} 1. c4 e5 2. g3 Nf6 3. Bg2 c6 4. Nf3 e4 5. Nd4 d5 6. cxd5 Qb6 {A20: English Opening: 1...e5} (6... Qxd5 7. e3 Na6 8. d3 Bb4+ 9. Nc3 Nc5 10. O-O Bxc3 11. dxe4 Ncxe4 12. bxc3 O-O 13. Qc2 c5 14. Nb3 Bf5 {0-1 (59) Gelfand,B (2729)-Inarkiev,E (2702) Nazran 2017}) 7. Nb3 cxd5 8. O-O {LiveBook: 3 Games} Be7 {White is slightly better.} 9. d3 exd3 $146 ({Predecessor:} 9... Bf5 10. Be3 Qc7 11. Nd4 Bg6 12. dxe4 Bxe4 13. f3 Bg6 14. Nc3 O-O {1-0 (56) Heinrichs,V (1970)-Nobre,J (1801) Rio Claro 2012}) 10. Qxd3 Nc6 11. Nc3 Be6 12. Be3 ({Not} 12. Bxd5 $2 Nb4 $19) ({Don't go for} 12. Nxd5 $2 Nxd5 13. Bxd5 Nb4 $19) 12... Qb4 13. Nxd5 Nxd5 14. Bxd5 Rd8 15. Bxc6+ $1 bxc6 16. Qc2 Rc8 17. Nd4 Bd5 (17... Bd7 $16 18. Nf5 Bxf5 19. Qxf5 O-O) 18. a3 $18 Qb7 {[#]} (18... Qc4 {might work better.} 19. Qxc4 Bxc4) 19. Nf5 $1 {[%cal Rf5g7]} O-O 20. Nxe7+ Qxe7 21. Bc5 Qe6 22. Bxf8 ({Weaker is} 22. Bxa7 Rfd8 $16) 22... Rxf8 23. Rfe1 Re8 24. Qc5 Qh6 25. e4 {White is clearly winning.} Bxe4 26. f3 Rb8 27. Rxe4 {Precision: White = 89%, Black = 30%.} 1-0

[Event "54th Rubinstein Memorial-A 2018"]
[Site "Polanica-Zdroj"]
[Date "2018.08.25"]
[Round "8"]
[White "Sabuk, Piotr"]
[Black "Kozak, Antoni"]
[Result "1-0"]
[WhiteElo "2377"]
[BlackElo "2157"]
[Annotator "TA"]
[PlyCount "75"]
[EventDate "2018.08.18"]
[EventType "swiss"]
[EventCountry "POL"]
[SourceTitle "playchess.com"]
[Source "ChessBase"]
[SourceQuality "1"]

{[%evp 14,75,62,62,95,62,54,59,50,14,90,77,72,70,68,69,75,69,83,72,75,83,84,42,44,43,107,50,49,45,89,36,44,46,46,0,0,0,0,0,156,133,60,79,128,0,4,9,149,158,237,222,298,394,381,364,533,508,579,570,29980,29980,5712,1562]} 1. d4 Nf6 2. Nf3 c5 3. d5 e6 4. Nc3 exd5 5. Nxd5 Nxd5 6. Qxd5 Be7 7. Bf4 {A43: Schmid Benoni} (7. e4 Nc6 8. Bc4 O-O 9. O-O d6 10. c3 Na5 11. Be2 Be6 12. Qh5 f6 13. Nh4 g6 14. Nxg6 hxg6 15. Qxg6+ Kh8 16. Qh6+ Kg8 17. Bh5 Rf7 18. Bxf7+ Bxf7 19. Rd1 Qf8 20. Qh3 Bg6 21. Bh6 Qc8 22. Qg3 Kf7 23. Re1 Qc6 24. Qd3 b5 {½-½ (24) Markos,J (2559)-Nagy,G (2470) Slovakia 2017}) 7... Nc6 8. O-O-O $1 {LiveBook: 3 Games} Nb4 9. Qb3 {White is better.} d6 10. e4 O-O 11. Bc4 Qa5 $146 (11... a6 $11 {remains equal.}) ({Predecessor:} 11... Qc7 12. Ng5 Bxg5 13. Bxg5 Nc6 14. Qg3 Nd4 15. Rxd4 cxd4 16. Bf6 g6 17. Qf4 Qxc4 18. Qh6 {1-0 (18) Ionescu,I (2287)-Aciu,M (1931) Braila 2016}) 12. c3 b5 13. cxb4 bxc4 14. bxa5 cxb3 15. axb3 Rd8 16. Nd2 Rb8 17. Nc4 $1 {[%cal Rc4d6]} Rxb3 18. Bxd6 Rb4 $1 {[%cal Rb4c4]} 19. Bxe7 {[%cal Rd1d8]} Rxc4+ 20. Kb1 {[%cal Rd1d8]} Re8 $1 21. Rhe1 $40 {[%mdl 128] White has some attack.} f5 ({But not} 21... Bb7 $6 22. f3 $16) 22. e5 ({White should try} 22. b3 $16 Rb4 23. Bxc5 Rxb3+ 24. Ka2) 22... Bb7 23. Rd7 Be4+ 24. Rxe4 Rxe4 $14 {[%mdl 4096] Endgame KRR-KRB} 25. Bd6 a6 26. Ra7 $1 Re6 $2 (26... Re2 $11) 27. f4 ({Resist} 27. Rxa6 $6 R4xe5 28. Ra8+ Re8 $16) 27... Rxf4 ({Better is} 27... Re8 $16) 28. Rxa6 Re8 {[#]} 29. Rc6 (29. Ra7 $1 $16) 29... Ra8 30. Rxc5 Rf2 (30... Ra4 $11) 31. e6 $16 {[%cal Be5e6,Be6e7][%mdl 32]} Re2 (31... Re8 $16 {was worth a try.}) 32. e7 $18 ({Stronger than} 32. Rxf5 Rxe6 33. Bc7 Re2 $14) 32... Re6 {[#]} 33. Rd5 $1 g6 34. b4 Re1+ (34... Kf7 $142 35. Bc5 Rg8) 35. Kc2 Re2+ 36. Kb3 Rxg2 37. Bc5 Re8 38. a6 {Precision: White = 76%, Black = 39%.} (38. Rd8 $142 Kf7 39. a6 Rxe7 40. Bxe7) 1-0

[Event "54th Rubinstein Memorial-A 2018"]
[Site "Polanica-Zdroj"]
[Date "2018.08.25"]
[Round "8"]
[White "Nurkiewicz, Maciej"]
[Black "Cherepov, Alexej"]
[Result "0-1"]
[WhiteElo "2371"]
[BlackElo "2245"]
[Annotator "TA"]
[PlyCount "70"]
[EventDate "2018.08.18"]
[EventType "swiss"]
[EventCountry "POL"]
[SourceTitle "playchess.com"]
[Source "ChessBase"]
[SourceQuality "1"]

{[%evp 17,70,0,0,-24,-33,-31,-25,-24,-22,-31,-43,-49,-26,-26,-36,-57,-33,-28,39,24,32,20,33,19,72,66,200,201,210,216,176,200,210,163,159,169,157,154,254,-44,-50,-29,0,0,0,-327,-326,-368,-343,-392,-347,-738,-727,-766,-697]} 1. e4 c5 2. Nf3 d6 3. d4 cxd4 4. Nxd4 Nf6 5. Nc3 e6 6. Bg5 Be7 7. Qd2 a6 8. O-O-O b5 9. a3 Bb7 {LiveBook: 13 Games. B95: Sicilian Najdorf: 6 Bg5 e6, unusual White 7th moves} 10. Bd3 (10. f3 Nbd7 11. h4 Rc8 12. g4 Ne5 13. Bxf6 gxf6 14. g5 Qb6 15. Kb1 Rg8 16. f4 Nc4 17. Bxc4 Rxc4 {½-½ (98) Hess,R (2590)-Yermolinsky,A (2528) Saint Louis 2010}) 10... Nbd7 11. f4 $1 Rc8 {Black is slightly better.} 12. Rhe1 {[%cal Bh1e1,Be1e4,Be4g4,Bg4h4][%mdl 32]} Nc5 13. e5 $146 ({Predecessor:} 13. Kb1 h6 14. Bxf6 Bxf6 15. e5 dxe5 16. fxe5 {½-½ (30) Rietze,C (2283)-Bracker,F (2355) Bonn 2011}) 13... dxe5 $1 14. fxe5 Nd5 15. Bxe7 Qxe7 16. Ne4 Nxe4 $1 17. Rxe4 O-O (17... b4 $11 18. axb4 Nxb4) 18. Rg4 $14 Kh8 19. Rf1 f5 20. exf6 $1 Rxf6 (20... Nxf6 $11 {remains equal.} 21. Qg5 Rc7) 21. Re1 $1 $16 Qf7 (21... b4 $14) 22. Rh4 $1 $18 h6 {[#]} 23. Nf3 $1 {[%cal Bd4f3,Bf3e5,Be5g4][%mdl 32]} Qc7 24. Ne5 Ne7 25. Ng4 Qf4 26. Nxf6 Qxh4 27. Rxe6 Nc6 (27... Nd5 $16) 28. Re8+ $2 (28. g3 $18 Qd4 29. Nh5) 28... Rxe8 $15 29. Nxe8 Qxh2 {Threatens to win with ...Qg1+.} 30. Qf2 $36 {[%cal Rf2f8][%mdl 2048] Black is under pressure.} Kg8 $1 {aiming for ...Qe5.} 31. Qf3 $2 {[%mdl 8192] [#]} (31. Kb1 $11 {and White is okay.}) 31... Qe5 $1 $19 32. Qe4 Kf8 33. Qxe5 Nxe5 34. Nc7 $2 (34. Nd6 Nxd3+ 35. cxd3 Bxg2 36. Nf5) 34... Nxd3+ 35. cxd3 Ke7 {Precision: White = 48%, Black = 49%.} 0-1

[Event "54th Rubinstein Memorial-A 2018"]
[Site "Polanica-Zdroj"]
[Date "2018.08.25"]
[Round "8"]
[White "Djuric, Stefan"]
[Black "Frolov, Artur"]
[Result "0-1"]
[WhiteElo "2352"]
[BlackElo "2420"]
[Annotator "TA"]
[PlyCount "117"]
[EventDate "2018.08.18"]
[EventType "swiss"]
[EventCountry "POL"]
[SourceTitle "playchess.com"]
[Source "ChessBase"]
[SourceQuality "1"]

{[%evp 15,117,61,58,53,61,44,47,24,29,34,43,0,139,94,122,104,104,115,176,128,372,365,365,342,415,415,386,391,391,375,365,330,305,312,1121,1107,1365,1361,29987,752,29989,135,129,125,110,129,135,118,115,105,111,112,104,0,0,-388,-397,-390,-396,-395,-396,-396,-394,-394,-396,-376,-302,-394,-378,-406,-385,-420,-402,-416,-400,-747,-725,-732,-732,-714,-714,-691,-571,-557,-519,-1124,-1124,-1124,-1124,-1124,-1124,-1124,-1124,-1118,-1108,-1039,-924,-727,-690,-1122,-1054,-972,-647,-647]} 1. d4 Nf6 2. c4 g6 3. Nc3 Bg7 4. e4 d6 5. Nf3 O-O 6. Bd3 c5 7. d5 e5 8. h3 Nh5 {LiveBook: 16 Games. E90: King's Indian: Classical: Early deviations and 6 h3} 9. Bg5 f6 10. Bd2 Nf4 {White is slightly better.} 11. Bxf4 $146 ({Predecessor:} 11. Bf1 f5 12. g3 Nh5 13. Be2 Nf6 14. Qc2 Na6 15. a3 Nc7 16. O-O-O {0-1 (63) Zimmerman,Y (2313)-Tratatovici,M (2311) Israel 2003}) 11... exf4 12. Qd2 g5 13. h4 {Hoping for hxg5.} h6 (13... g4 $11 {remains equal.}) 14. O-O-O Nd7 15. hxg5 fxg5 16. e5 $1 $36 {[%cal Re5e6][%mdl 2048] White is really pushing.} dxe5 (16... Nxe5 $16 17. Nxe5 dxe5) 17. d6 Qa5 $2 {[#]} (17... Nb6 $16) 18. Nxg5 $1 $18 {[%mdl 512]} Nf6 {[#]} (18... hxg5 19. Bh7+ Kh8 20. Be4+ Bh6 21. Rxh6+ Kg8 22. Rg6+ Kf7 23. Qd5+ Ke8 24. Qe6+ Kd8 25. Qe7#) 19. Bh7+ $1 {[%mdl 512]} Nxh7 20. Qd5+ $1 Kh8 21. Nf7+ Rxf7 22. Qxf7 {Threatens to win with d7.} Bg4 23. f3 ({Weaker is} 23. Qxb7 Rf8 $14) 23... Rf8 24. Qc7 ({Not} 24. Qxb7 Bf5 $14) 24... Qb4 $2 (24... Qxc7 25. dxc7 Bc8) 25. d7 ({Less strong is} 25. fxg4 e4 $18) 25... e4 26. d8=Q {White threatens Qde7 and mate.} Bxc3 {[#]} 27. Rd2 (27. Qxh7+ $142 $3 {[%mdl 512]} Kxh7 28. Rxh6+ $1 {[%mdl 512]} Kxh6 29. Qxf8+ Kh5 30. Rh1+ Kg6 31. Qe8+ Kg7 32. Qh8+ Kg6 33. Qh7+ Kg5 34. Qh6+ Kf5 35. fxg4+ Ke5 36. Qg7+ Ke6 37. Rh6+ Bf6 38. Rxf6+ Ke5 39. Rh6#) 27... e3 {[#]} 28. Qxf8+ $2 (28. Qxh7+ $3 {[%mdl 512] mates} Kxh7 29. Rxh6+ $1 {[%mdl 512]} Kxh6 30. Qxf8+ Kh5 31. fxg4+ Kxg4 32. Qc8+ Kh4 33. Qh3+ Kg5 34. Rd5+ Be5 35. Rxe5+ Kf6 36. Qf5+ Kg7 37. Re7+ Kh8 38. Qh7#) 28... Nxf8 $16 29. Rc2 Bxb2+ 30. Rxb2 Qc3+ 31. Kb1 Bf5+ 32. Ka1 e2 33. Qe7 Ne6 {[#]} 34. Rxh6+ ({Only move:} 34. Qe8+ $1 $16 Kg7 35. Qd7+ Kg6 36. Qd2 Qxd2 37. Rxd2) 34... Kg8 $11 {[%cal Re2e1] [#]} 35. Qe8+ $2 {[%mdl 8192]} (35. Rg6+ $1 $11 {[%mdl 512] and White stays safe.} Bxg6 36. Qxe6+ Kh8 37. Qc8+ Kh7 38. Qc7+ Kh6 39. Qxf4+ Kg7 40. Qc7+ Kh6 41. Qh2+ Kg7 42. Qc7+ Kh6 43. Qh2+ Kg7 44. Qc7+) 35... Nf8 $19 {( -> ...Qe1+)} 36. Rh1 Be6 37. Qb5 e1=Q+ 38. Rxe1 Qxe1+ 39. Rb1 Qc3+ 40. Qb2 Qxb2+ 41. Rxb2 b6 42. Rc2 Kf7 43. Kb2 Ng6 44. Kc3 Ne5 45. g3 (45. Rc1 $142) 45... fxg3 {Black is clearly winning.} 46. Rg2 Nxf3 47. Rxg3 Ne5 48. Rg2 Nxc4 49. Rh2 Nd6 50. a4 (50. Rh6 $142) 50... Ke7 51. Rh7+ Nf7 52. Rg7 Kd6 53. Rg8 a5 54. Rb8 Kc7 55. Re8 Bd7 56. Re7 Nd6 57. Kb3 Kd8 58. Rh7 c4+ 59. Ka3 {Precision: White = 36%, Black = 65%.} 0-1

[Event "54th Rubinstein Memorial-A 2018"]
[Site "Polanica-Zdroj"]
[Date "2018.08.25"]
[Round "8"]
[White "Kucza, Karol"]
[Black "Golecki, Jan"]
[Result "1-0"]
[WhiteElo "2342"]
[BlackElo "1943"]
[Annotator "NA RC"]
[PlyCount "97"]
[EventDate "2018.08.18"]
[EventType "swiss"]
[EventCountry "POL"]
[SourceTitle "playchess.com"]
[Source "ChessBase"]
[SourceQuality "1"]
[TimeControl "40/5400+30:1800+30"]

1. e4 {[%emt 0:00:00]} c5 {[%emt 0:00:00]} 2. Nf3 {[%emt 0:00:00]} d6 {[%emt 0:00:00]} 3. d4 {[%emt 0:00:00]} cxd4 {[%emt 0:00:00]} 4. Nxd4 {[%emt 0:00:00]} Nf6 {[%emt 0:00:00]} 5. Nc3 {[%emt 0:00:00]} g6 {[%emt 0:00:00]} 6. Be3 {[%emt 0:00:03]} Bg7 {[%emt 0:00:00]} 7. f3 {[%emt 0:00:05]} O-O {[%emt 0:00:08]} 8. Qd2 {[%emt 0:00:02]} Nc6 {[%emt 0:00:07]} 9. Bc4 {[%emt 0:00:28]} Bd7 {[%emt 0:00:10]} 10. O-O-O {[%emt 0:00:08]} Rc8 {[%emt 0:00:04]} 11. Bb3 {[%emt 0:00:06]} Ne5 {[%emt 0:00:10]} 12. Kb1 {[%emt 0:00:06]} Nc4 {[%emt 0:03:53]} 13. Bxc4 {[%emt 0:00:05]} Rxc4 {[%emt 0:00:07]} 14. g4 {[%emt 0:00:14]} Re8 {[%emt 0:12:03]} 15. h4 {[%emt 0:01:43]} h5 {[%emt 0:00:36] B78: Sicilian Dragon: Yugoslav Attack, 9 Bc4 Bd7 10 0-0-0 Rc8} (15... Qa5 16. Nb3 Qa6 17. Bh6 Bh8 18. e5 Nxg4 19. fxg4 Bxe5 20. h5 Bxg4 21. hxg6 hxg6 22. Rdf1 Be6 23. Bf4 {1-0 (34) Zhigalko,S (2655)-Terzi,A (2311) Minsk 2016}) 16. g5 {[%emt 0:25:04]} Nh7 {[%emt 0:00:25]} 17. Nde2 {[%emt 0:00:22]} Qa5 {[%emt 0:06:54]} 18. Bd4 {[%emt 0:00:53]} Be6 $146 {[%emt 0:04:00]} ({Predecessor:} 18... Nf8 19. Bxg7 Kxg7 20. Rhe1 Be6 21. Nd4 Nd7 22. Re3 Rec8 23. Nd5 Qxd2 24. Rxd2 Bxd5 25. exd5 Kf8 26. b3 Rc3 27. Rde2 Rxe3 28. Rxe3 a6 29. a4 Ke8 30. c4 {1-0 (30) Jenkinson,S (2288)-Malushko,N (2191) ICCF email 2014}) 19. Bxg7 {[%emt 0:00:21]} Kxg7 {[%emt 0:00:07]} 20. b3 {[%emt 0:10:36]} Rc7 $14 {[%emt 0:06:07]} 21. Rhe1 {[%emt 0:11:56]} Nf8 {[%emt 0:22:18]} 22. Nd5 {[%emt 0:00:36]} Qxd2 {[%emt 0:00:18]} 23. Rxd2 {[%emt 0:00:31]} Rc5 {[%emt 0:12:42]} 24. c4 {[%emt 0:01:18]} Nd7 {[%emt 0:02:33]} 25. Nd4 {[%emt 0:00:15]} a6 {[%emt 0:03:38]} 26. Kb2 {[%emt 0:07:15]} Kf8 {[%emt 0:04:06]} 27. Nf4 {[%emt 0:03:13]} Re5 {[%emt 0:02:52]} 28. Ndxe6+ {[%emt 0:00:15]} Rxe6 {[%emt 0:00:04]} 29. Nxe6+ {[%emt 0:00:08]} fxe6 {[%emt 0:00:01]} 30. f4 {[%emt 0:00:53]} e5 {[%emt 0:01:14]} 31. f5 {[%emt 0:02:42]} Kg7 {[%emt 0:01:12]} 32. f6+ {[%emt 0:00:20]} Kf7 {[%emt 0:00:04]} 33. fxe7 {[%emt 0:00:41]} Kxe7 {[%emt 0:00:02]} 34. Red1 {[%emt 0:00:26]} Nc5 {[%emt 0:00:12]} 35. Rxd6 {[%emt 0:00:10]} Nxe4 {[%emt 0:00:38]} 36. Rxg6 {[%emt 0:00:23]} Rf8 {[%emt 0:00:16]} 37. Rc1 {[%emt 0:07:44]} Nc5 {[%emt 0:00:38]} 38. Rc2 {[%emt 0:03:57]} e4 {[%emt 0:00:27]} 39. Re2 {[%emt 0:00:32]} Rf4 {[%emt 0:01:14]} 40. b4 {[%emt 0:00:00]} Nd3+ {[%emt 0:00:00]} 41. Kc3 {[%emt 0:02:46]} Ne5 {[%emt 0:00:30]} 42. Rb6 {[%emt 0:02:09]} Rxh4 {[%emt 0:00:27]} 43. g6 {[%emt 0:06:00]} Rg4 {[%emt 0:00:23]} 44. Rxb7+ {[%emt 0:00:19]} Kd6 {[%emt 0:00:17]} 45. Rb6+ {[%emt 0:01:42]} Kc7 {[%emt 0:00:06]} 46. Re6 {[%emt 0:04:40]} Nxg6 {[%emt 0:00:39]} 47. R2xe4 {[%emt 0:00:27]} Rg3+ {[%emt 0:00:36]} 48. Re3 {[%emt 0:00:17]} Rg2 {[%emt 0:00:05]} 49. Rxa6 {[%emt 0:00:10]} 1-0

[Event "54th Rubinstein Memorial-A 2018"]
[Site "Polanica-Zdroj"]
[Date "2018.08.25"]
[Round "8"]
[White "Nowak, Kamil"]
[Black "Jaskolka, Tomasz"]
[Result "1/2-1/2"]
[WhiteElo "2313"]
[BlackElo "2165"]
[Annotator "TA"]
[PlyCount "61"]
[EventDate "2018.08.18"]
[EventType "swiss"]
[EventCountry "POL"]
[SourceTitle "playchess.com"]
[Source "ChessBase"]
[SourceQuality "1"]

{[%evp 38,61,60,24,15,0,0,0,0,0,0,0,0,0,0,0,0,0,0,0,0,0,0,0,0,0]} 1. e4 {Kritz,L} e6 2. d4 d5 3. Nc3 Bb4 4. e5 Ne7 5. a3 Bxc3+ 6. bxc3 c5 7. Qg4 Qc7 8. Qxg7 Rg8 9. Qxh7 cxd4 10. Ne2 dxc3 11. f4 Nbc6 12. Qd3 d4 13. Nxd4 Nxd4 14. Qxd4 Bd7 15. Rg1 Nf5 {C18: French: 3 Nc3 Bb4: Main line: 7 h4 and 7 Qg4} 16. Qf2 Qc6 17. Bd3 (17. g4 Qe4+ 18. Qe2 Qd5 19. Bg2 Qc5 20. Qf2 Nd4 21. Be4 O-O-O 22. Be3 Bc6 23. Bd3 {½-½ (37) Vachier Lagrave,M (2775)-Radjabov,T (2731) Tbilisi 2015 CBM 165 [Szabo,Kr]}) 17... Qd5 18. Rb1 Bc6 19. Rb3 O-O-O 20. Rxc3 {LiveBook: 37 Games} Kb8 21. Rc5 {The position is equal.} Qa2 $1 22. Rxc6 bxc6 23. Qc5 Rxd3 24. cxd3 Rxg2 25. Rxg2 Qxg2 {[#]} 26. Be3 $146 Nxe3 27. Qb4+ Ka8 28. Qf8+ Kb7 29. Qb4+ $1 Ka8 30. Qf8+ Kb7 {[#] ( -> ...Qf1+)} 31. Qb4+ $1 1/2-1/2

[Event "54th Rubinstein Memorial-A 2018"]
[Site "Polanica-Zdroj"]
[Date "2018.08.25"]
[Round "8"]
[White "Psyk, Radoslaw"]
[Black "Lewtak, Damian"]
[Result "1-0"]
[WhiteElo "2304"]
[BlackElo "2369"]
[Annotator "TA"]
[PlyCount "79"]
[EventDate "2018.08.18"]
[EventType "swiss"]
[EventCountry "POL"]
[SourceTitle "playchess.com"]
[Source "ChessBase"]
[SourceQuality "1"]

{[%evp 25,79,0,5,0,15,-2,45,44,47,36,44,41,195,201,191,197,211,175,224,227,223,225,210,222,235,158,167,141,143,144,142,135,189,186,343,339,345,137,130,135,326,295,1123,1118,1025,954,1280,1153,1119,1152,1152,1124,1075,1071,29984,581]} 1. e4 c5 2. Nf3 e6 3. d4 cxd4 4. Nxd4 Nc6 5. Nc3 Qc7 6. Be3 a6 7. Be2 b5 8. Nxc6 Qxc6 9. Bf3 {B49: Sicilian: Taimanov: 5 Nc3 Qc7 6 Be3 a6 7 Be2} Bb7 10. e5 Qc7 11. O-O Rc8 12. Bxb7 Qxb7 13. Qd3 f5 {LiveBook: 9 Games} 14. exf6 Nxf6 15. Bg5 {[#]} Rc4 $146 {[#] aiming for ...Rg4.} ({Predecessor:} 15... Be7 16. Rfe1 b4 17. Bxf6 gxf6 {½-½ (26) Idani,P (2496)-Bok,B (2587) Moscow 2015}) 16. Bxf6 $1 gxf6 17. a4 Rg4 {[%csl Gg4][%cal Rb7g2]} 18. f3 Qb6+ $2 ({Better is} 18... Bc5+ $14 19. Kh1 Rb4) 19. Kh1 $18 Rd4 {[#]} 20. Qe3 $1 {And now axb5 would win.} Rd6 21. Qe2 {[%cal Ra4b5]} bxa4 22. Ne4 (22. Nxa4 Qb5 $14) 22... Rc6 23. Nxf6+ Kd8 24. Rfd1 Bd6 25. c4 {[%cal Bc2c4,Bc4c5][%mdl 32]} Qb4 26. Rac1 {Strongly threatening Qd3.} Rf8 27. Ne4 {Hoping for Qd3.} (27. Nxh7 Rh8 $11) 27... Bf4 28. Rc3 Kc7 (28... Kc8 $16 29. Rc2 Qb7) 29. c5 Rf7 $2 (29... Qb5 30. Qf2 Qb4) 30. Nd6 Rf8 31. Qd3 $2 (31. Rc4 $18 Qb8 32. g3 Bxd6 33. cxd6+ Kb7 34. Rxc6 (34. Rxa4 Ka7 $16) 34... dxc6 35. d7) 31... Kb8 $16 32. Ne4 $36 {[%mdl 2048] Black is under strong pressure.} ({Resist} 32. Qxh7 Bxd6 33. cxd6 (33. Qxd7 Qb5 $11) 33... Rxd6 $14) 32... Rc7 $2 (32... Be5 $16) 33. Qxa6 Qxb2 $2 (33... Be5 34. Rc4 Qb3 35. Qxa4 Qxa4 36. Rxa4 Rf5) 34. Qxa4 $18 Rb7 35. Ra3 Rg8 36. Qa8+ Kc7 37. Qxg8 {Rad3 is the strong threat.} Qxa3 38. Qf7 Bd2 39. Nxd2 Qe3 40. Qxd7+ {Precision: White = 59%, Black = 33%.} (40. Nf1 $142 Qxc5 41. Rxd7+ Kb6 42. Rxb7+ Ka6 43. Rb2 Qb5 44. Ra2+ Kb6 45. Qa7+ Kc6 46. Rc2+ Kd5 47. Ne3+ Ke5 48. Ng4+ Kd5 49. Qa8+ Kd6 50. Qf8+ Kd5 51. Qd8+ Qd7 52. Qxd7#) 1-0

[Event "54th Rubinstein Memorial-A 2018"]
[Site "Polanica-Zdroj"]
[Date "2018.08.25"]
[Round "8"]
[White "Reza, Wojciech"]
[Black "Vanduyfhuys, Daria"]
[Result "1-0"]
[WhiteElo "2303"]
[BlackElo "1878"]
[Annotator "TA"]
[PlyCount "57"]
[EventDate "2018.08.18"]
[EventType "swiss"]
[EventCountry "POL"]
[SourceTitle "playchess.com"]
[Source "ChessBase"]
[SourceQuality "1"]

{[%evp 22,57,58,45,67,69,53,55,136,130,138,106,114,64,65,63,105,106,143,135,173,184,179,175,189,165,170,172,464,453,453,452,460,447,458,455,445,425]} 1. e4 c5 2. Nf3 Nc6 3. d4 cxd4 4. Nxd4 e5 5. Nb5 {[%cal Bd4b5,Bb5a3,Ba3c4][%mdl 32]} d6 6. N1c3 a6 7. Na3 Be7 8. Nc4 b5 9. Ne3 Nf6 10. Bd3 O-O 11. O-O Be6 12. Ncd5 {LiveBook: 6 Games. B32: Sicilian: Löwenthal and Kalashnikov Variations} b4 $146 ({Predecessor:} 12... g6 13. c3 Rb8 14. b4 Bxd5 15. Nxd5 Nxd5 16. exd5 Na7 17. Be3 Nc8 18. a4 Bg5 19. Bxg5 Qxg5 20. axb5 axb5 {½-½ (95) Das,S (2444)-Mamedov,R (2658) Al Ain 2014}) 13. a3 a5 14. Bd2 {[%cal Ra3b4,Bc1d2,Bd2b4,Bb4a3,Ba3b2][%mdl 32] White is slightly better.} Qb8 {[#]} (14... Rb8 $14) 15. axb4 $1 $16 {[%cal Ra1a5] aiming for Rxa5.} axb4 16. Rxa8 Qxa8 17. Nxe7+ Nxe7 18. Bxb4 Rd8 19. Qf3 Qa4 20. Ba3 Bc8 21. Nc4 Bg4 22. Qe3 Nc8 23. b3 $36 {[%mdl 2048] White has strong initiative.} Qa8 24. Bb2 {Strongly threatening f4.} Nd7 $2 {[#]} (24... Be6 {was worth a try.} 25. Ra1 Qc6) 25. Qg5 $18 {White is clearly winning.} Nf6 26. f4 {[%cal Bf2f4,Bf4e5][%mdl 32]} h6 27. Qh4 Ne7 {Now ...Ng6 and Black clings on.} 28. fxe5 Ng6 29. Qf2 {Precision: White = 86%, Black = 29%.} 1-0

[Event "54th Rubinstein Memorial-A 2018"]
[Site "Polanica-Zdroj"]
[Date "2018.08.25"]
[Round "8"]
[White "Kumala, Aleksander"]
[Black "Zaleski, Lukasz"]
[Result "1-0"]
[WhiteElo "2238"]
[BlackElo "2164"]
[Annotator "TA"]
[PlyCount "29"]
[EventDate "2018.08.18"]
[EventType "swiss"]
[EventCountry "POL"]
[SourceTitle "playchess.com"]
[Source "ChessBase"]
[SourceQuality "1"]

{[%evp 17,29,85,103,78,89,16,22,38,17,14,166,148,309,292]} 1. d4 e6 2. e4 d5 3. Bd3 c5 4. exd5 Qxd5 (4... exd5 5. Nf3 Nf6 6. O-O c4 7. Re1+ Be7 8. Be2 O-O 9. b3 cxb3 10. axb3 Nc6 11. c3 Re8 12. Nbd2 Bd6 13. Bd3 Bg4 14. Rxe8+ Qxe8 {0-1 (52) Fontaine,R (2563)-Carlsen,M (2834) chess.com INT 2018}) 5. Nc3 Qxd4 6. Nb5 {C01: French: Exchange Variation} Qd8 7. Bf4 Na6 8. Qe2 Nf6 9. O-O-O Qa5 {LiveBook: 3 Games} 10. Kb1 $146 {[%mdl 1024] White has strong compensation.} ({Predecessor:} 10. Bc4 Be7 11. Nd6+ Bxd6 12. Bxd6 {½-½ (69) Bosch,J (2385)-Braun,C (2362) Netherlands 2013}) 10... Be7 {[#]} 11. Nf3 ({Better is} 11. Nd6+ $1 $16 Bxd6 12. Bxd6) 11... O-O $11 12. a3 Bd7 13. Nc3 Nc7 $2 {[#]} (13... c4 $11 {and Black stays safe.} 14. Bxc4 Rad8) 14. Ne5 $1 $18 {[%cal Re5d7]} Bc6 $2 (14... Ncd5 $16 {was worth a try.} 15. Nxd5 Nxd5) 15. Nc4 1-0